000 00710cam a22002651 4500
001 6509500
003 Nust
005 20220831102807.0
008 750627s1952 xx 000 0 eng
010 _a 53025385
015 _aGB52-14408
020 _a9780330398381
_cRs. 396
035 _a(OCoLC)1416049
038 _aArshad
040 _aDLC
_cFO
_dUk
_dDLC
042 _apremarc
050 0 0 _aPZ7.B629
_bCi
082 _a823
_bBLY
100 1 _aBlyton, Enid.
_911689
245 1 4 _aThe circus of adventure;
_cwith illus. by Stuart Tresilian.
260 _aLondon,
_bMacmillan
_c1952.
300 _a344 p.
_billus.
_c21 cm.
906 _a7
_bcbc
_coclcrpl
_du
_encip
_f19
_gy-gencatlg
942 _2ddc
_cBK
999 _c173199
_d173199